Films des années 2000 par images - Statistiques

Statistiques générales
  • Ce quiz a été pris 211 fois
  • Le résultat moyen est 14 sur 20
Statistiques - réponses
Par images Réponse % Correct
Avatar
99%
Spider-Man
99%
Gladiator
96%
Iron Man
91%
Astérix et Obélix : Mission Cléopâtre
90%
Pirates des Caraïbes : La Malédiction du Black Pearl
87%
Les Choristes
85%
Le Seigneur des anneaux : La Communauté de l'anneau
85%
Camping
84%
Le Fabuleux Destin d'Amélie Poulain
84%
Bienvenue chez les Ch'tis
78%
Da Vinci Code
63%
The Dark Knight : Le Chevalier noir
63%
Le Pianiste
61%
Slumdog Millionaire
59%
Casino Royale
51%
L'Auberge espagnole
31%
Astérix aux Jeux olympiques
25%
Lost in Translation
25%
Mulholland Drive
24%
Aucun quiz correspondant
Distribution des résultats
% des personnes avec chaque résultat
Percentile par nombre de réponses
Votre historique - résultats
Vous n’avez pas pris ce quiz